Equality for LGBT families

Uloženo v:
Podrobná bibliografie
Korporativní autor: Equality Network
Médium: Kniha
Jazyk:angličtina
Vydáno: Regno Unito Equality Network 2009
Tagy: Přidat tag
Žádné tagy, Buďte první, kdo vytvoří štítek k tomuto záznamu!

MARC

LEADER 00000nam a2200000 4500
005 20240605180613.0
008 240605b |||||||| |||| 00| 0 eng d
040 |c GP 
110 |a Equality Network 
245 |a Equality for LGBT families 
260 |a Regno Unito  |b Equality Network  |c 2009 
942 |2 ddc  |c BK  |n 0 
952 |0 0  |1 0  |2 ddc  |4 0  |6 323_409400000000000_EQU  |7 1  |9 1357  |a RM  |b RM  |d 2024-06-05  |l 0  |o 323.4094 EQU  |p 189  |r 2024-06-05 18:06:35  |w 2024-06-05  |y BK 
999 |c 1247  |d 1247